• 首页
  • 本馆介绍
  • 公告通知
  • 最新文献
  • 馆藏检索
  • 电子资源
  • 读者导购
  • 参考咨询
  • 我的图书馆
  • 登录
  • 详细信息显示
  • 放入我的书架
  • 预约/预借图书
  • 作者相关作品
  • 分类相关作品
  • 丛书相关作品
  • 出版社相关作品

书目信息

  • 表格格式
  • 工作单格式
  • 卡片格式
题名:
当代海外华人社团研究
    
 
作者: 李明欢 著
分册:  
出版信息: 厦门   厦门大学出版社  1995.01
页数: 418页
开本: 20cm
丛书名:
单 册:
中图分类: D634.3
科图分类:
主题词: 政治--中国
电子资源:
ISBN: 7-5615-0987-1
000 00556nam0 2200193 45
001 0204101411
005 20031219104054.5
010    @a7-5615-0987-1@dCNY10.50
100    @a20020410d1995 km y0chiy0120 ea
101 0  @achi
105    @a z 000yy
200 1  @a当代海外华人社团研究@ADang Dai Hai Wai Hua Ren She Tuan Yan Jiu@f李明欢著@FLi Ming Huan Zhu
210    @a厦门@c厦门大学出版社@d1995.01
215    @a418页@d20cm
606 0  @a政治@x中国
690    @aD634.3@v4
701  0 @a李明欢@4著
801    @aCN@bTSTC@c20020410
905    @b307978@dD634.3@e35@f1
    
    当代海外华人社团研究/李明欢著.-厦门:厦门大学出版社,1995.01
    418页;20cm
    
    
    ISBN 7-5615-0987-1:CNY10.50
    
●
相关链接 在E读中查询图书 在五车中查询图书 在当当中查询图书 在豆瓣中查询图书


正题名:当代海外华人社团研究     索取号:D634.3/35         预约/预借

序号 登录号 条形码 馆藏地/架位号 状态 备注
1 0307978   203079783   第一样本阅览室/ [索取号:D634.3/35] 在馆    
唐山师范学院图书馆 欢迎您!
大连网信软件有限公司© 版权所有